|
|
|
|
| LEADER |
00000nlm0a2200000 4500 |
| 001 |
669450 |
| 005 |
20231102031052.0 |
| 035 |
|
|
|a (RuTPU)RU\TPU\network\40690
|
| 035 |
|
|
|a RU\TPU\network\39052
|
| 090 |
|
|
|a 669450
|
| 100 |
|
|
|a 20230515d2004 m y0rusy50 ca
|
| 101 |
0 |
|
|a rus
|
| 102 |
|
|
|a RU
|
| 105 |
|
|
|a a j 001zy
|
| 135 |
|
|
|a drcn ---uucaa
|
| 200 |
1 |
|
|a Основы сканирующей зондовой микроскопии
|e учебное пособие для студентов старших курсов высших учебных заведений
|f В. Л. Миронов
|g Российская академия наук, Институт физики микроструктур
|
| 210 |
|
|
|a Нижний Новгород
|c ИФМ РАН
|d 2004
|
| 300 |
|
|
|a Заглавие с титульного экрана
|
| 330 |
|
|
|a Книга представляет собой учебное пособие для студентов старших курсов высших учебных заведений, посвященное одному из самых современных методов исследования поверхности твердого тела - сканирующей зондовой микроскопии (СЗМ). В книге рассматриваются основные виды СЗМ, нашедшие наиболее широкое применение в научных исследованиях: сканирующая туннельная микроскопия (СТМ), атомно-силовая микроскопия (АСМ), электросиловая микроскопия (ЭСМ), магнитносиловая микроскопия (МСМ), ближнепольная оптическая микроскопия (БОМ).
|
| 610 |
1 |
|
|a электронный ресурс
|
| 610 |
1 |
|
|a учебные пособия
|
| 610 |
1 |
|
|a сканирующая зондовая микроскопия
|
| 610 |
1 |
|
|a зондовые микроскопы
|
| 610 |
1 |
|
|a сканирующая туннельная микроскопия
|
| 610 |
1 |
|
|a атомно-силовая микроскопия
|
| 610 |
1 |
|
|a электросиловая микроскопия
|
| 610 |
1 |
|
|a магнитно-силовая микроскопия
|
| 610 |
1 |
|
|a ближнепольная оптическая микроскопия
|
| 700 |
|
1 |
|a Миронов
|b В. Л.
|g Виктор Леонидович
|
| 712 |
0 |
2 |
|a Российская академия наук
|b Институт физики микроструктур
|2 stltpush
|3 (RuTPU)RU\TPU\col\8921
|9 24627
|
| 801 |
|
2 |
|a RU
|b 63413507
|c 20230515
|g RCR
|
| 856 |
4 |
|
|u http://www.ipmras.ru/UserFiles/publications/mironov/RUS_Fundamentals_SPM.pdf
|
| 942 |
|
|
|c CF
|